| 000 | 00360nam a2200145Ia 4500 | ||
|---|---|---|---|
| 008 | 241206s9999||||xx |||||||||||||| ||und|| | ||
| 020 | _a9788121903677 | ||
| 082 |
_a590 _bJOR,I |
||
| 100 | _aJordan,E.L | ||
| 245 | 0 | _aInvertebrate Zoology | |
| 250 | _a1st Edition | ||
| 260 |
_aNew Delhi _bS Chand And Company Limited _c2022 |
||
| 300 | _a1127p. | ||
| 942 | _cBK | ||
| 999 |
_c47631 _d47631 |
||